| 000 | 00392pab a2200157 454500 | ||
|---|---|---|---|
| 008 | 180718b2008 xxu||||| |||| 00| 0 eng d | ||
| 100 | _aBerglof, Erik et al. | ||
| 245 | _aWidening and deepening: reforming the european union | ||
| 260 | _c2008 | ||
| 300 | _ap.133-37. | ||
| 362 | _aMay | ||
| 650 | _aEuropean union | ||
| 773 | _aAmerican Economic Review | ||
| 908 | _aN | ||
| 909 | _a78674 | ||
| 999 |
_c78674 _d78674 |
||